Statistiques concernant Meilleurs buteurs de Ligue 1 depuis 2000

Cliquez ici pour prendre le quiz!

Statistiques générales

  • Ce quiz a été pris 284 fois
  • Le résultat moyen est 17 sur 25

Statistiques - réponses

HintRéponse% Correct
2021-2022Kylian Mbappé
100%
2020-2021Kylian Mbappé
100%
2019-2020(ex-aequo)Kylian Mbappé
100%
2018-2019Kylian Mbappé
100%
2017-2018Edinson Cavani
94%
2016-2017Edinson Cavani
94%
2012-2013Zlatan Ibrahimovic
93%
2015-2016Zlatan Ibrahimovic
93%
2013-2014Zlatan Ibrahimovic
93%
2019-2020(ex-aequo)Wissam Ben Yedder
78%
2014-2015Alexandre Lacazette
75%
2011-2012(ex-aequo)Olivier Giroud
75%
2007-2008Karim Benzema
63%
2006-2007Pedro Miguel Pauleta
62%
2005-2006Pedro Miguel Pauleta
62%
2001-2002Pedro Miguel Pauleta
62%
2008-2009André-Pierre Gignac
57%
2009-2010Mamadou Niang
45%
2003-2004Djibril Cissé
42%
2000-2001Sonny Anderson
37%
1999-2000Sonny Anderson
37%
2010-2011Moussa Sow
35%
2011-2012(ex-aequo)Néné
32%
2004-2005Alexander Frei
22%
2002-2003Shabani Nonda
17%

Distribution des résultats

Percentile par nombre de réponses

% des personnes avec chaque résultat

Votre développement - résultats

Vous n’avez pas pris ce quiz